00802nam a2200241 a 4500001000700000003000400007005001700011008004100028010001700069020001500086040001300101050002600114082002100140100002400161245012300185260005300308300002100361440001700382500004300399504005400442650002100496700004300517588337OSt20180822132638.0900615r19891982wau b 000 0 eng  a 90166438  a0932305768 aDLCcDLC00aBJ1581.2bB32285 198900a248.4220bB181I1 aBaldwin, Stanley C.10aIf I'm created in God's image, why does it hurt to look in the mirror? :ba true view of you /cby Stanley C. Baldwin. aLynnwood, WA, USA :bAglow Publications,cc1989. a165 p. ;c21 cm. 0aHeart issues aRev. ed. of: A true view of you. 1982. aIncludes bibliographical references (p. 151-154). 0aConduct of life.1 aBaldwin, Stanley C.tTrue view of you.